[Event "Bangkok rapid op"]
[Site "Bangkok"]
[Date "2025.07.06"]
[Round "1"]
[White "Quizon, Daniel"]
[Black "Nguyen, Paul Ashton"]
[Result "1-0"]
[WhiteElo "2317"]
[BlackElo "1681"]
[PlyCount "73"]
[EventDate "2025.07.06"]
[EventType "swiss"]
[EventRounds "7"]
[EventCountry "THA"]
[SourceTitle "CB28_2025"]
[SourceDate "2025.07.09"]
[SourceVersion "1"]
[SourceVersionDate "2025.07.09"]
[SourceQuality "1"]

1. d4 Nf6 2. c4 g6 3. h4 h5 4. Nc3 Bg7 5. g3 d6 6. Bg2 0-0 7. Nf3 Nbd7 8. 0-0 e5 9. dxe5 dxe5 10. Bg5 c6 11. Ne4 Qc7 12. Nfd2 b6 13. Qc2 Bb7 14. c5 Rad8 15. Rac1 Rfe8 16. Nd6 Re6 17. Nxb7 Qxb7 18. cxb6 axb6 19. Bxc6 Qa6 20. Qc4 Qxc4 21. Rxc4 Nc5 22. Bg2 Red6 23. b4 Ne6 24. Bxf6 Bxf6 25. Ne4 Nd4 26. Nxd6 Nxe2+ 27. Kh1 Rxd6 28. Rc6 Rxc6 29. Bxc6 Nd4 30. Bd5 Kf8 31. a4 Ke7 32. a5 bxa5 33. bxa5 Nb5 34. Rb1 Nc3 35. Rb7+ Kd6 36. Bxf7 Ne4 37. a6 1-0

[Event "Asia-chT rapid"]
[Site "Hong Kong"]
[Date "2024.08.23"]
[Round "7.43"]
[White "Nguyen, Paul Ashton"]
[Black "Tan, Yong Zhao"]
[Result "0-1"]
[WhiteElo "1734"]
[BlackElo "1945"]
[PlyCount "48"]
[EventDate "2024.08.22"]
[EventType "team-swiss (rapid)"]
[EventRounds "11"]
[EventCountry "HKG"]
[SourceTitle "CBM 221 Extra"]
[Source "ChessBase"]
[SourceDate "2024.09.30"]
[SourceVersion "1"]
[SourceVersionDate "2024.09.30"]
[SourceQuality "1"]
[WhiteTeam "TCA II"]
[BlackTeam "Malaysia"]
[WhiteTeamCountry "HKG"]
[BlackTeamCountry "MAS"]

1. e4 c5 2. Nf3 a6 3. d4 cxd4 4. Nxd4 Nf6 5. Nc3 d6 6. Be3 b5 7. a3 Bb7 8. Bd3 Nbd7 9. 0-0 g6 10. h3 Bg7 11. f4 0-0 12. Qf3 Rc8 13. Kh1 Rxc3 14. bxc3 Nc5 15. Rfe1 Nfxe4 16. Bxe4 Nxe4 17. Bg1 Qc8 18. Qd3 Nxc3 19. Rxe7 Nd5 20. Re3 Nxf4 21. Qd2 Nxg2 22. Re7 Qxh3+ 23. Bh2 Be5 24. Rxb7 Qxh2# 0-1